Sports Quiz

Random Sports or Soccer Quiz

Premier League PFA Players OTY Quiz Stats

 Plays Quiz Updated Apr 24, 2019

Score 0/46 Timer 08:00
10 Plays Today
Year Player % Correct
2017-18Mohamed Salah
93.9%
2006-07Cristiano Ronaldo
91.6%
2007-08Cristiano Ronaldo
91.6%
2002-03Thierry Henry
90.5%
2003-04Thierry Henry
90.5%
2014-15Eden Hazard
88.8%
2018-19Virgil van Dijk
88.6%
2015-16Riyad Mahrez
88.5%
2005-06Steven Gerrard
87.9%
2013-14Luis Suárez
87.4%
2012-13Gareth Bale
85.4%
2016-17N'Golo Kanté
84.8%
1994-95Alan Shearer
82.1%
1996-97Alan Shearer
82.1%
2011-12Robin van Persie
79.5%
2004-05John Terry
76.5%
2009-10Wayne Rooney
68%
1993-94Eric Cantona
67.1%
1999-00Roy Keane
65.3%
2008-09Ryan Giggs
63.1%
1997-98Dennis Bergkamp
62.9%
2010-11Gareth Bale
60.4%
2001-02Ruud van Nistelrooy
60.1%
Year Player % Correct
1995-96Les Ferdinand
54.7%
2000-01Teddy Sheringham
53.3%
1983-84Ian Rush
47.5%
1998-99David Ginola
44%
1988-89Mark Hughes
41.1%
1990-91Mark Hughes
41.1%
1982-83Kenny Dalglish
40.5%
1981-82Kevin Keegan
35.7%
1985-86Gary Lineker
35.4%
1987-88John Barnes
30%
1991-92Gary Pallister
25.4%
1992-93Paul McGrath
22.1%
1976-77Andy Gray
19.8%
1980-81John Wark
13.1%
1977-78Peter Shilton
13%
1984-85Peter Reid
12.5%
1989-90David Platt
12.5%
1978-79Liam Brady
12.4%
1973–74Norman Hunter
9.9%
1986-87Clive Allen
9.8%
1979-80Terry McDermott
7.5%
1974–75Colin Todd
5.9%
1975-76Pat Jennings
5.8%

You're not logged in!

Compare scores with friends on all Sporcle quizzes.
OR
Log In

Sporcle TV

Today on Sporcle TV


Watch our educational content, quiz creation guides, and fun videos on Sporcle TV.

Show Comments

Extras

Top Quizzes Today


Score Distribution

Your Account Isn't Verified!

In order to create a playlist on Sporcle, you need to verify the email address you used during registration. Go to your Sporcle Settings to finish the process.

Report this User

Report this user for behavior that violates our Community Guidelines.

Details: